Suicídame / (Registro nro. 3778)

Detalles MARC
000 -LEADER
fixed length control field 01384nam a2200277Ia 4500
003 - CONTROL NUMBER IDENTIFIER
control field OSt
005 - DATE AND TIME OF LATEST TRANSACTION
control field 20250410130207.0
008 - FIXED-LENGTH DATA ELEMENTS--GENERAL INFORMATION
fixed length control field 191128s2010 ck jr 000 f spa d
020 ## - INTERNATIONAL STANDARD BOOK NUMBER
International Standard Book Number 9789588294742
040 ## - CATALOGING SOURCE
Original cataloging agency CO-JMCR
Transcribing agency CO-JMCR
041 0# - LANGUAGE CODE
Language code of text/sound track or separate title spa
082 04 - DEWEY DECIMAL CLASSIFICATION NUMBER
Classification number A-N
Edition number ARIs
100 1# - MAIN ENTRY--PERSONAL NAME
Personal name Arias, Andrés,
Relator term autor
9 (RLIN) 1494
245 10 - TITLE STATEMENT
Title Suicídame /
Statement of responsibility, etc. Andrés Arias
250 ## - EDITION STATEMENT
Edition statement Primera edición
260 ## - PUBLICATION, DISTRIBUTION, ETC.
Place of publication, distribution, etc. Bogotá :
Name of publisher, distributor, etc. Ediciones B,
Date of publication, distribution, etc. 2010
300 ## - PHYSICAL DESCRIPTION
Extent 262 páginas ;
Dimensions 23 cm.
490 0# - SERIES STATEMENT
Series statement Ficcionario
500 ## - GENERAL NOTE
General note Incluye datos biográficos del autor
520 ## - SUMMARY, ETC.
Summary, etc. La joven practicante de periodismo, Margarita Carrillo, ha desaparecido. Antonio Fandiño, el editor de la revista donde ella hacía su práctica, se ha visto obligado a renunciar, y su esposa y su hijo lo han relegado al último cuarto de la casa, desde donde escribe estas líneas. Todo indica que tras la desaparición de la joven están las fuerzas oscuras del Gobierno, un régimen corrupto que se ha hecho reelegir con métodos espurios y que, sin embargo, goza de una amplia aceptación popular. La revista y su director, una vieja gloria del periodismo nacional, apoyan sin ambigüedades al Gobierno y sus métodos.
650 14 - SUBJECT ADDED ENTRY--TOPICAL TERM
Topical term or geographic name entry element Novela colombiana
9 (RLIN) 1495
650 14 - SUBJECT ADDED ENTRY--TOPICAL TERM
Topical term or geographic name entry element Periodismo
General subdivision novela
9 (RLIN) 1496
650 14 - SUBJECT ADDED ENTRY--TOPICAL TERM
Topical term or geographic name entry element Desaparecidos
General subdivision novela
9 (RLIN) 1497
650 14 - SUBJECT ADDED ENTRY--TOPICAL TERM
Topical term or geographic name entry element Misterio
General subdivision novela
9 (RLIN) 1498
942 ## - ADDED ENTRY ELEMENTS (KOHA)
Source of classification or shelving scheme Dewey Decimal Classification
Koha item type Books
Existencias
Withdrawn status Lost status Source of classification or shelving scheme Damaged status Not for loan Home library Current library Date acquired Source of acquisition Cost, normal purchase price Total Checkouts Total Renewals Full call number Barcode Date last seen Date last checked out Copy number Price effective from Koha item type
    Dewey Decimal Classification     Biblioteca Pública José María del Castillo y Rada Biblioteca Pública José María del Castillo y Rada 02/25/2019 Donación 0.00 8 6 A-N ARIs 201808223 06/12/2025 05/08/2025 Ej.1 11/28/2019 Books